<?xml version="1.0" encoding="UTF-8"?>
<record
    xmlns:xsi="http://www.w3.org/2001/XMLSchema-instance"
    xsi:schemaLocation="http://www.loc.gov/MARC21/slim http://www.loc.gov/standards/marcxml/schema/MARC21slim.xsd"
    xmlns="http://www.loc.gov/MARC21/slim">

  <leader>00798nam a22001577a 4500</leader>
  <controlfield tag="003">OSt</controlfield>
  <controlfield tag="005">20190730110229.0</controlfield>
  <controlfield tag="008">190730b        xxu||||| |||| 00| 0 eng d</controlfield>
  <datafield tag="040" ind1=" " ind2=" ">
    <subfield code="c">RUA</subfield>
  </datafield>
  <datafield tag="082" ind1=" " ind2=" ">
    <subfield code="a">RUB PHO 2017 B643 Or.1</subfield>
  </datafield>
  <datafield tag="100" ind1=" " ind2=" ">
    <subfield code="9">13779</subfield>
    <subfield code="a">PHON YAN &#x1795;&#x17BB;&#x1793; &#x1799;&#x17C9;&#x17B6;&#x1784;</subfield>
  </datafield>
  <datafield tag="245" ind1=" " ind2=" ">
    <subfield code="a">growth and yield comparison of 08 rubber clones in trial ir.aa.06 at cambodain research institute &#x1780;&#x17B6;&#x179A;&#x1794;&#x17D2;&#x179A;&#x17C0;&#x1794;&#x1792;&#x17C0;&#x1794;&#x1780;&#x17B6;&#x179A;&#x179B;&#x17BC;&#x178F;&#x179B;&#x17B6;&#x179F;&#x17CB; &#x1793;&#x17B7;&#x1784;&#x1791;&#x17B7;&#x1793;&#x17D2;&#x1793;&#x1795;&#x179B;&#x1780;&#x17D2;&#x179B;&#x17BC;&#x1793;&#x1780;&#x17C5;&#x179F;&#x17CA;&#x17BC;&#x1785;&#x17C6;&#x1793;&#x17BD;&#x1793; &#x17E0;&#x17E8; &#x1780;&#x17D2;&#x1793;&#x17BB;&#x1784;&#x17A1;&#x17BC;&#x178F;&#x17B7;&#x17CD;&#x1796;&#x17B7;&#x179F;&#x17C4;&#x1792;&#x1793;&#x17D0; IR.AA.06 &#x1793;&#x17C5;&#x179C;&#x17B7;&#x1791;&#x17D2;&#x1799;&#x17B6;&#x179F;&#x17D2;&#x1790;&#x17B6;&#x1793;&#x179F;&#x17D2;&#x179A;&#x17B6;&#x179C;&#x17B6;&#x1787;&#x17D2;&#x179A;&#x17B6;&#x179C;&#x1780;&#x17C5;&#x179F;&#x17CA;&#x17BC;&#x1780;&#x1798;&#x17D2;&#x1796;&#x17BB;&#x1787;&#x17B6;</subfield>
  </datafield>
  <datafield tag="260" ind1=" " ind2=" ">
    <subfield code="a">phnom penh</subfield>
    <subfield code="b">rua</subfield>
    <subfield code="c">2017</subfield>
  </datafield>
  <datafield tag="300" ind1=" " ind2=" ">
    <subfield code="a">xi;55p;</subfield>
    <subfield code="b">ill;</subfield>
    <subfield code="c">29cm;</subfield>
  </datafield>
  <datafield tag="942" ind1=" " ind2=" ">
    <subfield code="2">ddc</subfield>
    <subfield code="c">RUB</subfield>
  </datafield>
  <datafield tag="999" ind1=" " ind2=" ">
    <subfield code="c">18107</subfield>
    <subfield code="d">18107</subfield>
  </datafield>
  <datafield tag="952" ind1=" " ind2=" ">
    <subfield code="0">0</subfield>
    <subfield code="1">0</subfield>
    <subfield code="2">ddc</subfield>
    <subfield code="4">0</subfield>
    <subfield code="6">RUB_PHO_2017_000000000000000_B643_OR_1</subfield>
    <subfield code="7">0</subfield>
    <subfield code="9">80689</subfield>
    <subfield code="a">LBB</subfield>
    <subfield code="b">LBB</subfield>
    <subfield code="c">B643</subfield>
    <subfield code="d">2019-07-30</subfield>
    <subfield code="o">RUB PHO 2017 B643 Or.1</subfield>
    <subfield code="p">A41858</subfield>
    <subfield code="r">2019-07-30</subfield>
    <subfield code="w">2019-07-30</subfield>
    <subfield code="y">RUB</subfield>
  </datafield>
  <datafield tag="952" ind1=" " ind2=" ">
    <subfield code="0">0</subfield>
    <subfield code="1">0</subfield>
    <subfield code="2">ddc</subfield>
    <subfield code="4">0</subfield>
    <subfield code="6">RUB_PHO_2017_000000000000000_B643_OR_2</subfield>
    <subfield code="7">0</subfield>
    <subfield code="9">80690</subfield>
    <subfield code="a">LBB</subfield>
    <subfield code="b">LBB</subfield>
    <subfield code="c">B643</subfield>
    <subfield code="d">2019-07-30</subfield>
    <subfield code="o">RUB PHO 2017 B643 Or.2</subfield>
    <subfield code="p">A41788</subfield>
    <subfield code="r">2019-07-30</subfield>
    <subfield code="w">2019-07-30</subfield>
    <subfield code="y">RUB</subfield>
  </datafield>
  <datafield tag="952" ind1=" " ind2=" ">
    <subfield code="0">0</subfield>
    <subfield code="1">0</subfield>
    <subfield code="2">ddc</subfield>
    <subfield code="4">0</subfield>
    <subfield code="6">RUB_PHO_2017_000000000000000_B643_OR_3</subfield>
    <subfield code="7">0</subfield>
    <subfield code="9">80691</subfield>
    <subfield code="a">LBB</subfield>
    <subfield code="b">LBB</subfield>
    <subfield code="c">B643</subfield>
    <subfield code="d">2019-07-30</subfield>
    <subfield code="o">RUB PHO 2017 B643 Or.3</subfield>
    <subfield code="p">A41638</subfield>
    <subfield code="r">2019-07-30</subfield>
    <subfield code="w">2019-07-30</subfield>
    <subfield code="y">RUB</subfield>
  </datafield>
  <datafield tag="952" ind1=" " ind2=" ">
    <subfield code="0">0</subfield>
    <subfield code="1">0</subfield>
    <subfield code="2">ddc</subfield>
    <subfield code="4">0</subfield>
    <subfield code="6">RUB_PHO_2017_000000000000000_B643_OR_4</subfield>
    <subfield code="7">0</subfield>
    <subfield code="9">80692</subfield>
    <subfield code="a">LBB</subfield>
    <subfield code="b">LBB</subfield>
    <subfield code="c">B643</subfield>
    <subfield code="d">2019-07-30</subfield>
    <subfield code="o">RUB PHO 2017 B643 Or.4</subfield>
    <subfield code="p">A41633</subfield>
    <subfield code="r">2019-07-30</subfield>
    <subfield code="w">2019-07-30</subfield>
    <subfield code="y">RUB</subfield>
  </datafield>
  <datafield tag="952" ind1=" " ind2=" ">
    <subfield code="0">0</subfield>
    <subfield code="1">0</subfield>
    <subfield code="2">ddc</subfield>
    <subfield code="4">0</subfield>
    <subfield code="6">RUB_PHO_2017_000000000000000_B643_OR_5</subfield>
    <subfield code="7">0</subfield>
    <subfield code="9">80693</subfield>
    <subfield code="a">LBB</subfield>
    <subfield code="b">LBB</subfield>
    <subfield code="c">B643</subfield>
    <subfield code="d">2019-07-30</subfield>
    <subfield code="o">RUB PHO 2017 B643 Or.5</subfield>
    <subfield code="p">A41863</subfield>
    <subfield code="r">2019-07-30</subfield>
    <subfield code="w">2019-07-30</subfield>
    <subfield code="y">RUB</subfield>
  </datafield>
  <datafield tag="952" ind1=" " ind2=" ">
    <subfield code="0">0</subfield>
    <subfield code="1">0</subfield>
    <subfield code="2">ddc</subfield>
    <subfield code="4">0</subfield>
    <subfield code="6">RUB_PHO_2017_000000000000000_B643_OR_6</subfield>
    <subfield code="7">0</subfield>
    <subfield code="9">80694</subfield>
    <subfield code="a">LBB</subfield>
    <subfield code="b">LBB</subfield>
    <subfield code="c">B643</subfield>
    <subfield code="d">2019-07-30</subfield>
    <subfield code="o">RUB PHO 2017 B643 Or.6</subfield>
    <subfield code="p">A41938</subfield>
    <subfield code="r">2019-07-30</subfield>
    <subfield code="w">2019-07-30</subfield>
    <subfield code="y">RUB</subfield>
  </datafield>
</record>
